000 00521nam a2200169 a 4500
001 000017719
005 20200929165215.0
008 100330s1991 dr 000 0 spa d
040 _aDO-SdBNP
082 _a923.27293
_bB719n
100 1 _aNadal, Pablo
_922625
245 1 0 _aBonó :
_bciudadano dominicano /
_cPablo Nadal.
260 _aSanto Domingo :
_bTaller,
_c1991.
300 _a88 p. ;
_c24 cm.
600 1 4 _aBONÓ, PEDRO FRANCISCO
_xBIOGRAFÍA
_d1828-1906
_938569
651 4 _aRepública Dominicana
_xBiografías
_91325
999 _c17244
_d17244